Stochastic Calculus for Finance /

Guardat en:
Dades bibliogràfiques
Autor principal: Capinski, Marek (autor)
Altres autors: Kopp, Ekkehard (autor) (autor), Traple, Janusz (autor) (autor)
Format: Llibre
Idioma:anglès
Publicat: Cambridge, Inglaterra : Cambridge University, 2012, c2012
Col·lecció:(Mastering Mathematical Finance)
Matèries:
Etiquetes: Afegir etiqueta
Sense etiquetes, Sigues el primer a etiquetar aquest registre!

MARC

LEADER 00000nam^a2200000^a^4500
001 000378621
005 20250521000000.0
009 20260310120459.089
020 |a 978-0-521-17573-9 
037 |a Acervo ITESO - Biblioteca 
041 |a ING 
082 |a 332. 6015192  |b CAP 
100 |a Capinski, Marek  |e (autor) 
245 1 0 |a Stochastic Calculus for Finance /  |c M. Capinski, E. Kopp, J. Traple. 
264 4 |a Cambridge, Inglaterra :  |b Cambridge University,  |c 2012, c2012 
300 |a VII, 177 p. 
336 |a texto  |b txt  |2 rdacontenido 
337 |a sin mediación  |b n  |2 rdamedio 
338 |a volumen  |b nc  |2 rdasoporte 
440 1 |a (Mastering Mathematical Finance) 
521 |a Peticiones 2016 Juan Diego Sánchez Torres 
649 |a XX 
650 |a Opciones (Finanzas) 
650 |a Derivados Financieros 
650 |a Procesos Estocásticos -  |x Tema Principal 
650 |a Análisis Estocástico 
650 |a Modelos Matemáticos 
650 |a Probabilidad 
650 |a Matemáticas Financieras 
650 |a Finanzas -  |x Modelos Matemáticos -  |x Tema Principal 
650 |a Ingeniería Económica 
650 |a Economía 
700 |a Kopp, Ekkehard  |e (autor) 
700 |a Traple, Janusz  |e (autor) 
910 |a Fondo General 
920 |a Impresos - Libros 
930 |a Colección General 
905 |a 101 
901 |a 0500272536  |b IT1  |c ACC  |i C151687  |u 20250521 
902 |a https://opac.biblio.iteso.mx/vufind/Record/000378621